| 000 | 00921nam0a22002891 4500 | ||
|---|---|---|---|
| 001 | v19\rc\1847119 | ||
| 005 | 20251118180100.8 | ||
| 035 | _a(NLR Aleph) 004943338 | ||
| 090 |
_a5804710 _c5804711 |
||
| 100 | _a20080221d1909 u y0rusy50 ca | ||
| 101 | 0 | _arus | |
| 102 | _aRU | ||
| 105 | _ay z ||||| | ||
| 200 | 1 |
_aЕсть ли право предмет общего образования? _eИсторико-пед. этюд _fР.В. Беккер |
|
| 210 |
_aСанкт-Петербург _cтип. М. Стасюлевича _d1909 |
||
| 215 |
_a[2], 104 с. _d22 |
||
| 700 | 1 |
_aБеккер _bР.Б. _gРудольф Борисович |
|
| 801 | 0 |
_aRU _bNLR _gpsbo |
|
| 801 | 0 |
_aRU _bRuMoRGB _2psbo |
|
| 801 | 1 |
_aRU _bProSoft-M _2rusmarc |
|
| 852 |
_aNLR _j38.78.8.17 |
||
| 899 |
_aRuMoRGB _jU 53/246 |
||
| 899 |
_aRuMoRGB _jРб 25/100 |
||
| 899 | _aБАН | ||
| 899 | _aНБ СПбГУ | ||
| 942 | _cBOOK | ||
| 980 | _aNB | ||